Study on training and development as a HRD tool in sanofi India limited Goa / (Record no. 231064)
[ view plain ]
| 000 -LEADER | |
|---|---|
| fixed length control field | 00731nam a22001937a 4500 |
| 003 - CONTROL NUMBER IDENTIFIER | |
| control field | OSt |
| 005 - DATE AND TIME OF LATEST TRANSACTION | |
| control field | 20240607085716.0 |
| 008 - FIXED-LENGTH DATA ELEMENTS--GENERAL INFORMATION | |
| fixed length control field | 240607b ||||| |||| 00| 0 eng d |
| 040 ## - CATALOGING SOURCE | |
| Transcribing agency | AIMIT LIBRARY |
| 100 ## - MAIN ENTRY--PERSONAL NAME | |
| Personal name | Naresh, Talekar Nishita. |
| Relator term | 2016142 |
| 9 (RLIN) | 169589 |
| 245 ## - TITLE STATEMENT | |
| Title | Study on training and development as a HRD tool in sanofi India limited Goa / |
| Statement of responsibility, etc. | By Talekar Nishita Naresh ; Guided by Pooja Nagpal. |
| 260 ## - PUBLICATION, DISTRIBUTION, ETC. | |
| Place of publication, distribution, etc. | Goa ; |
| Date of publication, distribution, etc. | 2022. |
| 650 ## - SUBJECT ADDED ENTRY--TOPICAL TERM | |
| Topical term or geographic name entry element | Industry profile company profile and introduction to study |
| 9 (RLIN) | 169590 |
| 650 ## - SUBJECT ADDED ENTRY--TOPICAL TERM | |
| Topical term or geographic name entry element | Literature review / Literature mapping |
| 9 (RLIN) | 169591 |
| 650 ## - SUBJECT ADDED ENTRY--TOPICAL TERM | |
| Topical term or geographic name entry element | Data analysis and interpretation |
| 9 (RLIN) | 169592 |
| 700 ## - ADDED ENTRY--PERSONAL NAME | |
| Personal name | Nagpal , Pooja. |
| Relator term | Guide |
| 9 (RLIN) | 169593 |
| 856 ## - ELECTRONIC LOCATION AND ACCESS | |
| Materials specified | Sanofi India Limited |
| 942 ## - ADDED ENTRY ELEMENTS (KOHA) | |
| Source of classification or shelving scheme | Dewey Decimal Classification |
| Koha item type | Project Report |
| Withdrawn status | Lost status | Source of classification or shelving scheme | Damaged status | Not for loan | Collection code | Home library | Current library | Shelving location | Date acquired | Total Checkouts | Barcode | Date last seen | Copy number | Price effective from | Koha item type |
|---|---|---|---|---|---|---|---|---|---|---|---|---|---|---|---|
| Dewey Decimal Classification | Not for loan | Project Report MBA | St Aloysius Institute of Management & Information Technology | St Aloysius Institute of Management & Information Technology | Dissertations | 06/07/2024 | PRB01993 | 06/07/2024 | 2016142 | 06/07/2024 | Project Report |